• 首页
  • 本馆介绍
  • 公告通知
  • 最新文献
  • 馆藏检索
  • 电子资源
  • 读者导购
  • 参考咨询
  • 我的图书馆
  • 登录
  • 详细信息显示
  • 放入我的书架
  • 预约/预借图书
  • 作者相关作品
  • 分类相关作品
  • 丛书相关作品
  • 出版社相关作品

书目信息

  • 表格格式
  • 工作单格式
  • 卡片格式
题名:
城市园林绿地规划
    
 
作者: 杨赉丽 主编
分册:  
出版信息: 北京   中国林业出版社  2012
页数: 360页
开本: 26cm
丛书名:
单 册:
中图分类: TU985.12
科图分类:
主题词: 城市绿地--绿化规划--高等学校--教材 , 城市绿地 , 绿化规划
电子资源:
ISBN: 978-7-5038-6782-8
000 01292nam0 2200289 450
001 012015000766
005 20150911083704.53
010    @a978-7-5038-6782-8@dCNY48.00
100    @a20130127d2012 em y0chiy50 ea
101 0  @achi
102    @aCN@b110000
105    @ay z 000yy
106    @ar
200 1  @a城市园林绿地规划@Acheng shi yuan lin lv di gui hua@dUrban green space system planning@f杨赉丽主编@zeng
205    @a3版
210    @a北京@c中国林业出版社@d2012
215    @a360页@d26cm
300    @a高等院校园林与风景园林专业规划教材
330    @a本教材结合城市规划相关知识阐述了城市园林绿地规划的基本知识和基本理论,以及规划设计的基本方法、技术和经济问题。包括“城市绿地系统规划”和“城市绿地详细规划”上下两篇。上篇在简要介绍城市绿地概念、城市绿地功能及城市绿地发展历程的基础上,着重阐述了城市绿地系统规划的基本原理、规划内容和规划程序等。下篇主要围绕城市中的各类绿地(公园绿地、居住绿地等),阐述其在城市建设中的意义、功能、类型,以及其详细规划的原理、原则、方法和相关技术措施等。
510 1  @aUrban green space system planning@zeng
606 0  @a城市绿地@x绿化规划@x高等学校@j教材
606 0  @a城市绿地
606 0  @a绿化规划
690    @aTU985.12@v5
701  0 @a杨赉丽@Ayang lai li@4主编
801  0 @aCN@b碧洲教育@c20150718
905    @a10447@f4@dTU985.12@e698=3
    
    城市园林绿地规划=Urban green space system planning/杨赉丽主编.-3版.-北京:中国林业出版社,2012
    360页;26cm
    高等院校园林与风景园林专业规划教材
    
    ISBN 978-7-5038-6782-8:CNY48.00
    本教材结合城市规划相关知识阐述了城市园林绿地规划的基本知识和基本理论,以及规划设计的基本方法、技术和经济问题。包括“城市绿地系统规划”和“城市绿地详细规划”上下两篇。上篇在简要介绍城市绿地概念、城市绿地功能及城市绿地发展历程的基础上,着重阐述了城市绿地系统规划的基本原理、规划内容和规划程序等。下篇主要围绕城市中的各类绿地(公园绿地、居住绿地等),阐述其在城市建设中的意义、功能、类型,以及其详细规划的原理、原则、方法和相关技术措施等。
●
相关链接 在E读中查询图书 在五车中查询图书 在当当中查询图书 在豆瓣中查询图书


正题名:城市园林绿地规划     索取号:TU985.12/698=3         预约/预借

序号 登录号 条形码 馆藏地/架位号 状态 备注
1 0848110   208481105   第二样本阅览室/ [索取号:TU985.12/698=3] 在馆    
2 0848111   208481114   第三借阅区/ [索取号:TU985.12/698=3] 在馆    
3 0848112   208481123   第三借阅区/ [索取号:TU985.12/698=3] 在馆    
4 0848113   208481132   密集书库-生命科学系/ [索取号:TU985.12/698=3] 在馆    
唐山师范学院图书馆 欢迎您!
大连网信软件有限公司© 版权所有